000 03190cam a22006614i 4500
003 PE-LiUPU
005 20250731173309.0
008 150616s1981 ck r 000 0 spa d
035 _a(Sirsi) a3685
040 _aPE-LiUPU
_bspa
_cPE-LiUPU
_erda
049 _aPRUA
082 0 4 _a280.98
_bQ11
_221
100 1 _aSantagada, Osvaldo D.,
_eautor.
245 1 0 _aSectas en América Latina.
264 1 _aConsejo Episcopal Latinoamericano :
_bConsejo Episcopal Latinoamericano,
_c[1981].
300 _a290 páginas ;
_c21 cm.
336 _atext
_2rdacontent
337 _aunmediated
_2rdamedia
338 _avolume
_2rdacarrier
500 _a3 ejemplares edición fotocopiada.
504 _aIncluye bibliografía.
505 0 _aCaracterización y situación de las sectas en América Latina -- Los Mormones -- Los Bautistas -- Los Adventistas del Séptimo Día -- Los Testigos de Jehová -- Los Pentecostales -- Movimientos Pseudo-Espirituales -- De la securalización al Neopaganismo.
526 _aSEG42
526 _aSEG41
526 _aSEG40
526 _aSEG39
526 _aP94
526 _aP87
526 _aP86
526 _aP85
526 _aP77
526 _aP76
526 _aP35
650 0 4 _aSECTAS (AMERICA LATINA).
650 0 4 _aPROTESTANTISMO - AMERICA LATINA.
700 1 _aBravo, Ernesto
700 1 _aDíaz, Ignacio
700 1 _aBueno, Orlando
700 1 _aMuñoz, Humberto.
910 _ajck
_bjvq
_cjck
942 _2ddc
_cBOOK
949 _a280.98 Q11
_wDEWEY
_c1
_i27869
_lCCODEBUL1
_mBUL
_p00.00
_r0
_sY
_tBOOK
_u19840506
_xTEOLOGIA
_zUNKNOWN
_0COMPRA
_o.STAFF. Colección General
949 _a280.98 Q11
_wDEWEY
_c2
_i22591
_lCCODEBUL1
_mBUL
_p00.00
_r0
_sY
_tBOOK
_u19840506
_xTEOLOGIA
_zUNKNOWN
_0COMPRA
_o.STAFF. Colección General
949 _a280.98 Q11
_wDEWEY
_c3
_i24138
_lCCODEBUL1
_mBUL
_p00.00
_r0
_sY
_tBOOK
_u19840506
_xTEOLOGIA
_zUNKNOWN
_0COMPRA
_o.STAFF. Colección General
949 _a280.98 Q11
_wDEWEY
_c4
_i27868
_lCCODEBUL1
_mBUL
_p00.00
_r0
_sY
_tBOOK
_u19840506
_xTEOLOGIA
_zUNKNOWN
_0COMPRA
_o.STAFF. Colección General
994 _aC0
_bPEPRU
596 _a1 2 4
999 _a280.98 Q11
_wDEWEY
_c44967
_i27869
_f2021-11-11
_g5
_lCCODEBUL1
_mBUL
_r0
_sY
_tBOOK
_u2015-6-16
_xTEOLOGIA
_zUNKNOWN
_0COMPRA
_o.STAFF. Colección General
_d44967
999 _a280.98 Q11
_wDEWEY
_c2
_i22591
_f2019-12-11
_g4
_lDISCARD
_mBUL
_r1
_sY
_tBOOK
_u2015-6-16
_xTEOLOGIA
_zUNKNOWN
_0COMPRA
_o.STAFF. Colección General
999 _a280.98 Q11
_wDEWEY
_c4
_i27868
_f2021-11-11
_g5
_lCCODEBUL1
_mBUL
_r0
_sY
_tBOOK
_u2015-6-16
_xTEOLOGIA
_zUNKNOWN
_0COMPRA
_o.STAFF. Colección General
999 _a280.98 Q11
_wDEWEY
_c1
_iFT00277
_f2019-2-20
_g1
_lCATALOGING
_mBUT
_p12.00
_r0
_sY
_tBOOK
_u2016-7-13
_xBIBLIOTECA
_zUNKNOWN
_0DONACION
_o.STAFF. Colección General
999 _a280.98 Q11
_wDEWEY
_c1
_i24138
_f2019-12-11
_g4
_lCCODECWL1
_mBWL
_r1
_sY
_tBOOK
_u2015-6-16
_xTEOLOGIA
_zUNKNOWN
_0COMPRA
_o.STAFF. Colección General
980 _81
_gALBERTO SANCHEZ Responsable de Automatización